| 000 | 01599cam a22004095i 4500 | ||
|---|---|---|---|
| 999 |
_c28651 _d28622 |
||
| 001 | 14814094 | ||
| 003 | EG-ScBUE | ||
| 005 | 20200902120725.0 | ||
| 006 | m||||fq||b 00| 0 | ||
| 008 | 070419t20072007maua f b 001 0 eng d | ||
| 020 | _a9781418837662 (hbk. student ed.) | ||
| 020 | _a1418837660 (hbk. student ed.) | ||
| 035 | _a(OCoLC)ocm71891061 | ||
| 040 |
_aYDXCP _beng _erda _cYDXCP _dOCLCQ _dIAY _dOCLCQ _dBAKER _dDLC _dEG-ScBUE |
||
| 082 | 0 | 4 |
_a004.21 _bSAT _222 |
| 100 | 1 |
_aSatzinger, John W., _eauthor. |
|
| 245 | 1 | 0 |
_aSystems analysis and design in a changing world / _cJohn W. Satzinger, Missouri State University, Robert B. Jackson, Brigham Young University, Stephen D. Burd, University of New Mexico. |
| 250 | _aFourth edition. | ||
| 250 | _aInternational student edition. | ||
| 264 | 1 |
_aBoston, MA : _bThomson Course Technology, _c[2007] |
|
| 264 | 4 | _cc2007 | |
| 300 |
_axxxii, 672 pages : _billustrations (color) ; _c29 cm + _e1 CD-ROMs (4 3/4 in.) |
||
| 336 |
_atext _btxt _2rdacontent |
||
| 336 |
_acomputer program _bcop _2rdacontent |
||
| 337 |
_aunmediated _bn _2rdamedia |
||
| 337 |
_acomputer _bc _2rdamedia |
||
| 338 |
_avolume _bnc _2rdacarrier |
||
| 338 |
_2computer disc _acd _brdacarrier |
||
| 500 | _aEnclosed CD-ROMs are: Microsoft Office project professional 2003 (120-day trial) | ||
| 504 | _aIncludes bibliographical references and index. | ||
| 650 | 7 |
_aSystem analysis. _2BUEsh |
|
| 650 | 7 |
_aSystem design. _2BUEsh |
|
| 653 |
_bCOMSCI _cAugust2020 |
||
| 700 | 1 |
_aJackson, Robert B., _d1942- _eauthor. |
|
| 700 | 1 |
_aBurd, Stephen D., _eauthor. |
|
| 942 |
_2ddc _cBB |
||